Melt /

"When photo-journalist Kelly Sheffield is offered the chance to travel to Greenland for coverage of American science teams, she grabs it. Not only is it a dream assignment, it also means she'll have a chance to reconnect with the compelling Jordan Westgate, the glaciologist studying the me...

Full description

Bibliographic Details
Main Author: McCoy, Robbi (Author)
Format: Book
Language:English
Published: Tallahassee, FL : Bold Strokes, 2013.
Edition:First Bella Books edition.
Subjects:

MARC

Tag First Indicator Second Indicator Subfields
LEADER 00000cam a2200000 a 4500
001 in00004733521
008 130124s2013 flu 000 f eng d
005 20230804143712.0
035 |a (OCoLC)ocn827268099 
040 |a UKMGB  |b eng  |c UKMGB  |d OCLCO  |d BTCTA  |d YDXCP  |d BDX  |d OCLCO  |d GFK  |d OCLCQ  |d OCLCO  |d OCLCF  |d OCLCO  |d OCL  |d OCLCO  |d B@L  |d SLR  |d OKX  |d UKMGB  |d UNITY  |d OCLCO  |d TXA 
015 |a GBB311720  |2 bnb 
016 7 |a 016270548  |2 Uk 
019 |a 807025242  |a 966587127  |a 967802356 
020 |a 9781594933530  |q (pbk.) 
020 |a 1594933537  |q (pbk.) 
035 |a (OCoLC)827268099  |z (OCoLC)807025242  |z (OCoLC)966587127  |z (OCoLC)967802356 
050 1 4 |a PS3613.C38565  |b M46 2013 
082 0 4 |a 813/.6  |2 23 
100 1 |a McCoy, Robbi,  |e author. 
245 1 0 |a Melt /  |c by Robbi McCoy. 
250 |a First Bella Books edition. 
264 1 |a Tallahassee, FL :  |b Bold Strokes,  |c 2013. 
300 |a 266 pages ;  |c 21 cm 
336 |a text  |b txt  |2 rdacontent 
337 |a unmediated  |b n  |2 rdamedia 
338 |a volume  |b nc  |2 rdacarrier 
520 |a "When photo-journalist Kelly Sheffield is offered the chance to travel to Greenland for coverage of American science teams, she grabs it. Not only is it a dream assignment, it also means she'll have a chance to reconnect with the compelling Jordan Westgate, the glaciologist studying the melting ice cap. Jordan hasn't forgotten Kelly, nor has she forgotten that she'd found it hard, all those years ago, to firmly reject the inappropriate overtures from a student. This Kelly--self-assured, successful, and even more attractive--is a threat to Jordan's equilibrium, something she simply can't allow. Kelly finds the frozen landscape a match for Jordan's chilly attitude. But Greenland is a surprising land of beauty and danger where even the iciest heart can melt."--Publisher's description. 
500 |a The Cushing Library/Women & Gender Studies copy was acquired as part of The Arden Eversmeyer Collection.  |5 TXA 
650 0 |a Lesbians  |v Fiction. 
650 6 |a Lesbiennes  |v Romans, nouvelles, etc. 
650 7 |a Lesbians.  |2 fast  |0 (OCoLC)fst00996540 
655 7 |a Lesbian fiction.  |2 lcgft 
655 7 |a Romance fiction.  |2 fast  |0 (OCoLC)fst01921732 
655 7 |a Romance fiction.  |2 lcgft 
938 |a Brodart  |b BROD  |n 103875204 
938 |a Baker and Taylor  |b BTCP  |n BK0011935393 
938 |a YBP Library Services  |b YANK  |n 9904566 
029 1 |a CBK  |b 128528680 
029 1 |a UKDEL  |b 128528680 
029 1 |a UKDEL  |b 134312724 
029 1 |a UNITY  |b 128528680 
029 1 |a UNITY  |b 134312724 
029 1 |a UKMGB  |b 016270548 
994 |a Z0  |b TXA 
948 |h HELD BY TXA - 17 OTHER HOLDINGS 
999 f f |s 52bb164f-708a-4af2-aad3-607812c3de7d  |i 0f9f9197-0009-498d-936f-b8868e686111  |t 0 
952 f f |p noncirc  |a Texas A&M University  |b College Station  |c Cushing Memorial Library & Archives  |d Cushing: Women & Gender Studies (Does not check out)  |t 0  |e PS3613.C38565 M46 2013  |h Library of Congress classification  |i unmediated -- volume  |m A14853134916 
998 f f |a PS3613.C38565 M46 2013  |t 0  |l Cushing: Women & Gender Studies (Does not check out)